[Event "BL 1617 SV Mülheim Nord - USV TU Dresd"]
[Site "?"]
[Date "2017.02.19"]
[Round "8.3"]
[White "Maiwald, Jens-Uwe"]
[Black "Zelbel, Patrick"]
[Result "1-0"]
[WhiteElo "2446"]
[BlackElo "2425"]
[PlyCount "83"]
[EventDate "2017.??.??"]

1. Nf3 c5 2. e4 d6 3. g3 Nf6 4. d3 g6 5. Bg2 Nc6 6. O-O Bg7 7. Re1 Qc7 8. c3
O-O 9. a3 Rd8 10. Nbd2 b5 11. d4 e5 12. d5 Ne7 13. a4 Bd7 14. axb5 Bxb5 15. Bf1
a6 16. Nc4 h6 17. Nfd2 Rf8 18. Na3 Rab8 19. Ndc4 Nd7 20. f4 Kh7 21. Ne3 Bxf1
22. Rxf1 f5 23. exf5 Nxf5 24. Nxf5 Rxf5 25. Nc4 exf4 26. Rxf4 Nb6 27. Rxf5 gxf5
28. Ne3 f4 29. gxf4 Rf8 30. Qf3 Qb7 31. Bd2 Kh8 32. Rf1 Nd7 33. Bc1 Nf6 34. f5
h5 35. Nc4 Rg8 36. Kh1 Bf8 37. Bf4 Qd7 38. Bg3 Rg4 39. Ne3 Re4 40. Ng2 Rg4 41.
h3 Rg8 42. Bh4 1-0

[Event "BL 1617 SV Mülheim Nord - USV TU Dresd"]
[Site "?"]
[Date "2017.02.19"]
[Round "8.4"]
[White "Hausrath, Daniel"]
[Black "Vogel, Roven"]
[Result "1/2-1/2"]
[WhiteElo "2483"]
[BlackElo "2437"]
[PlyCount "78"]
[EventDate "2017.??.??"]

1. Nf3 d5 2. g3 c6 3. Bg2 Bg4 4. O-O Nf6 5. d4 e6 6. Nbd2 Nbd7 7. Re1 Be7 8. e4
O-O 9. c3 Qb6 10. e5 Ne8 11. Nf1 Nc7 12. Ne3 Bh5 13. h4 c5 14. g4 Bg6 15. h5
Be4 16. Nc4 Qa6 17. Ncd2 Bd3 18. Re3 h6 19. Nf1 Be4 20. Ng3 f5 21. exf6 Bxf3
22. Rxf3 Bxf6 23. Bf4 Qb6 24. Qb3 Qxb3 25. axb3 e5 26. dxe5 Bxe5 27. Nf5 Bxf4
28. Rxf4 Kh7 29. c4 Ne6 30. Rf3 d4 31. Re1 Ng5 32. Rd3 Rae8 33. Rdd1 Nf6 34. f4
Nge4 35. Nh4 Nd6 36. Ng6 Rxe1+ 37. Rxe1 Re8 38. Rxe8 Nfxe8 39. Ne5 Nf6 1/2-1/2

[Event "BL 1617 SV Mülheim Nord - USV TU Dresd"]
[Site "?"]
[Date "2017.02.19"]
[Round "8.5"]
[White "Neef, Maximilian"]
[Black "Saltaev, Mihail"]
[Result "1-0"]
[WhiteElo "2426"]
[BlackElo "2480"]
[PlyCount "113"]
[EventDate "2017.??.??"]

1. Nf3 d5 2. d4 c6 3. Bf4 Nf6 4. e3 Qb6 5. Qc1 Nh5 6. Be5 Nd7 7. Be2 Nxe5 8.
dxe5 g6 9. O-O Bh6 10. c4 O-O 11. cxd5 cxd5 12. Nc3 Be6 13. Rd1 Rac8 14. Rd4 f6
15. Qd2 fxe5 16. Nxd5 Bxd5 17. Rxd5 Nf6 18. Rb5 Qc7 19. Qb4 b6 20. Rxe5 Qd6 21.
Qxd6 exd6 22. Rb5 Rf7 23. Rd1 Bf8 24. Rb3 Rfc7 25. Nd4 Rc1 26. Rbd3 Kf7 27. Kf1
Rxd1+ 28. Rxd1 a5 29. Bd3 Nd7 30. Bb5 Ne5 31. Ke2 Kf6 32. f4 Nf7 33. Kf3 Rc5
34. Bd3 h6 35. Bc2 Ne5+ 36. Ke2 Nc6 37. Bb3 Nxd4+ 38. Rxd4 b5 39. a4 bxa4 40.
Bxa4 Be7 41. Kf3 g5 42. g3 gxf4 43. exf4 d5 44. Rd2 Ke6 45. Re2+ Kf7 46. Rc2
Rxc2 47. Bxc2 Kg7 48. b3 Bb4 49. Kg4 Be1 50. Kf5 Bf2 51. Bd1 d4 52. Be2 Be1 53.
g4 Bb4 54. g5 Bd6 55. h4 Bc7 56. Kg4 Bd6 57. f5 1-0

[Event "BL 1617 SV Mülheim Nord - USV TU Dresd"]
[Site "?"]
[Date "2017.02.19"]
[Round "8.6"]
[White "Warmerdam, Max"]
[Black "Boensch, Uwe"]
[Result "0-1"]
[WhiteElo "2382"]
[BlackElo "2560"]
[PlyCount "68"]
[EventDate "2017.??.??"]

1. e4 c5 2. Nf3 Nc6 3. d4 cxd4 4. Nxd4 e5 5. Nb5 d6 6. N1c3 a6 7. Na3 Be6 8.
Nd5 Nf6 9. Nxf6+ Qxf6 10. Nc4 Qg6 11. Nxd6+ Bxd6 12. Qxd6 Qxe4+ 13. Be3 Rd8 14.
Qc5 Nb4 15. f3 Nxc2+ 16. Kf2 Qxe3+ 17. Qxe3 Nxe3 18. Kxe3 Ke7 19. Be2 Rd4 20.
Rhc1 Rhd8 21. a3 R8d7 22. Rc5 Rd2 23. b4 Kf6 24. Bf1 Rb2 25. Rc3 g5 26. h3 h5
27. Rac1 h4 28. R1c2 Rb1 29. Rc1 Rb2 30. R1c2 Rxc2 31. Rxc2 Rd1 32. Be2 Ra1 33.
Rc3 Ra2 34. Kf2 Kf5 0-1

[Event "BL 1617 Werder Bremen - OSG Baden Baden"]
[Site "?"]
[Date "2017.03.18"]
[Round "9.1"]
[White "Wojtaszek, Radoslaw"]
[Black "Fressinet, Laurent"]
[Result "1/2-1/2"]
[WhiteElo "2745"]
[BlackElo "2660"]
[PlyCount "48"]
[EventDate "2017.??.??"]

1. d4 d5 2. c4 c6 3. Nf3 Nf6 4. Nc3 e6 5. Bg5 Nbd7 6. e3 h6 7. Bh4 g5 8. Bg3
Nh5 9. Qc2 Nxg3 10. hxg3 Bg7 11. O-O-O Qe7 12. cxd5 cxd5 13. e4 dxe4 14. Qxe4
a6 15. Ne5 f5 16. Qe3 Nxe5 17. dxe5 b5 18. f4 Qa7 19. Qd2 Bd7 20. Kb1 g4 21.
Bd3 Bf8 22. Rhe1 Bc6 23. Bc2 h5 24. Bb3 Rh6 1/2-1/2

[Event "BL 1617 Werder Bremen - OSG Baden Baden"]
[Site "?"]
[Date "2017.03.18"]
[Round "9.2"]
[White "McShane, Luke J"]
[Black "Adams, Michael"]
[Result "1/2-1/2"]
[WhiteElo "2644"]
[BlackElo "2751"]
[PlyCount "112"]
[EventDate "2017.??.??"]

1. e4 e5 2. Nf3 Nc6 3. Bb5 a6 4. Ba4 Nf6 5. O-O Be7 6. Bxc6 dxc6 7. d3 Qd6 8.
Nbd2 Be6 9. b3 Nd7 10. a4 O-O 11. Bb2 Rfd8 12. Qe2 Bf6 13. h3 g6 14. Rfd1 Bg7
15. Nf1 c5 16. Ne3 Qe7 17. a5 Re8 18. Rab1 b5 19. axb6 cxb6 20. c4 a5 21. Bc3
Reb8 22. Ra1 Qd8 23. Qc2 Rb7 24. Re1 Raa7 25. Ra2 f6 26. Nd5 Nb8 27. Nd2 Nc6
28. f4 exf4 29. Nxf4 Bf7 30. Nf3 Nb4 31. Bxb4 axb4 32. Nd5 Ra3 33. Rb2 f5 34.
Rbb1 Bxd5 35. cxd5 Bc3 36. Rf1 Rba7 37. d4 Ra2 38. Qd3 fxe4 39. Qxe4 Re7 40.
Qh4 Re8 41. Qxd8 Rxd8 42. dxc5 bxc5 43. Rbd1 Bf6 44. Rd3 Rd6 45. Rfd1 Kg7 46.
Kh1 Re2 47. Nd2 Bd4 48. Nf3 Bf6 49. Nd2 Bd4 50. Nf3 Rb2 51. Nxd4 cxd4 52. Rxd4
Rxb3 53. Rc1 Kf6 54. Rcc4 Rb1+ 55. Kh2 b3 56. Rb4 Ke5 1/2-1/2

[Event "BL 1617 Werder Bremen - OSG Baden Baden"]
[Site "?"]
[Date "2017.03.18"]
[Round "9.3"]
[White "Vallejo Pons, Francisco"]
[Black "Bluebaum, Matthias"]
[Result "1/2-1/2"]
[WhiteElo "2709"]
[BlackElo "2632"]
[PlyCount "47"]
[EventDate "2017.??.??"]

1. e4 e6 2. d4 d5 3. Nd2 c5 4. Ngf3 cxd4 5. Nxd4 Nf6 6. exd5 Nxd5 7. N2f3 Bb4+
8. Bd2 O-O 9. Bc4 b6 10. c3 Be7 11. Qe2 Bb7 12. O-O Nd7 13. Rfe1 Bf6 14. Rad1
Re8 15. Bb3 Nc5 16. c4 Ne7 17. Bf4 Ng6 18. Bg3 Nxb3 19. axb3 Qe7 20. Nb5 Red8
21. Bd6 Qe8 22. Bg3 Qe7 23. Bd6 Qe8 24. Bg3 1/2-1/2

[Event "BL 1617 Werder Bremen - OSG Baden Baden"]
[Site "?"]
[Date "2017.03.18"]
[Round "9.4"]
[White "Efimenko, Zahar"]
[Black "Bacrot, Etienne"]
[Result "1/2-1/2"]
[WhiteElo "2648"]
[BlackElo "2695"]
[PlyCount "49"]
[EventDate "2017.??.??"]

1. Nf3 d5 2. g3 Nf6 3. Bg2 c5 4. O-O Nc6 5. d4 e6 6. c4 dxc4 7. dxc5 Qxd1 8.
Rxd1 Bxc5 9. Nbd2 c3 10. bxc3 O-O 11. Nb3 Be7 12. c4 Bd7 13. Bb2 Rfd8 14. Nfd4
Rac8 15. Nb5 b6 16. Nd6 Rc7 17. c5 bxc5 18. Nxc5 Nb4 19. Ndb7 Rdc8 20. Bxf6
Bxf6 21. Rab1 Nd5 22. Nxd7 Nc3 23. Nd6 Rxd7 24. Nxc8 Rxd1+ 25. Rxd1 1/2-1/2

[Event "BL 1617 Werder Bremen - OSG Baden Baden"]
[Site "?"]
[Date "2017.03.18"]
[Round "9.5"]
[White "Shirov, Alexei"]
[Black "Edouard, Romain"]
[Result "1/2-1/2"]
[WhiteElo "2678"]
[BlackElo "2616"]
[PlyCount "100"]
[EventDate "2017.??.??"]

1. d4 d5 2. c4 dxc4 3. e4 Nf6 4. e5 Nd5 5. Bxc4 Nb6 6. Bd3 Nc6 7. Be3 Nb4 8.
Be4 f5 9. exf6 exf6 10. Nc3 f5 11. Bf3 N4d5 12. Bd2 Be6 13. Nh3 Be7 14. O-O O-O
15. Re1 Bf7 16. Nxd5 Nxd5 17. Re5 Qd7 18. Bg5 Bd8 19. Qe2 c6 20. Bxd8 Raxd8 21.
Ng5 Nf4 22. Qe3 Qxd4 23. Nxf7 Rxf7 24. Re8+ Rf8 25. Qb3+ Nd5 26. Rxd8 Rxd8 27.
Rd1 Qb6 28. Bxd5+ cxd5 29. Rxd5 Re8 30. Rb5+ Kh8 31. g3 Qc6 32. Qd5 g6 33. Qxc6
bxc6 34. Ra5 Re7 35. Kg2 Kg7 36. Kf3 Kf6 37. Rc5 Re6 38. b4 g5 39. Ra5 g4+ 40.
Kg2 Re2 41. Rxa7 h5 42. a4 Rb2 43. Rb7 Ra2 44. Rb6 Rxa4 45. Rxc6+ Kg5 46. h4+
gxh3+ 47. Kxh3 f4 48. gxf4+ Kxf4 49. b5 Rb4 50. b6 Rb1 1/2-1/2

[Event "BL 1617 Werder Bremen - OSG Baden Baden"]
[Site "?"]
[Date "2017.03.18"]
[Round "9.6"]
[White "Werle, Jan"]
[Black "Naiditsch, Arkadij"]
[Result "1/2-1/2"]
[WhiteElo "2520"]
[BlackElo "2702"]
[PlyCount "124"]
[EventDate "2017.??.??"]

1. d4 Nf6 2. c4 g6 3. Nc3 Bg7 4. e4 d6 5. Nf3 O-O 6. Be2 Qe8 7. e5 dxe5 8. Nxe5
Nbd7 9. Bf4 c6 10. O-O Nxe5 11. Bxe5 Be6 12. Qd2 Rd8 13. Qe3 a6 14. h3 b5 15.
b3 Rd7 16. a4 b4 17. Na2 a5 18. Nc1 Rd8 19. Nd3 Bf5 20. Nc5 Nd7 21. Bxg7 Kxg7
22. Nxd7 Qxd7 23. Qe5+ Kg8 24. Qxa5 Bc2 25. Rac1 Bxb3 26. Qxb4 Rb8 27. Qa3 Qxd4
28. a5 Qd6 29. c5 Qc7 30. a6 Bd5 31. Rb1 Qe5 32. Qe3 Qxe3 33. fxe3 Rxb1 34.
Rxb1 Kg7 35. Rb4 f5 36. Rb7 Kf6 37. Kf2 Ra8 38. a7 h6 39. Rc7 e5 40. g4 Kg5 41.
gxf5 gxf5 42. Rg7+ Kf6 43. Rb7 Kg5 44. Ke1 Kh4 45. Bf1 Kg3 46. Kd2 h5 47. Rg7+
Kf2 48. Be2 h4 49. Bd1 Rd8 50. Rd7 Rxd7 51. a8=Q Bf3+ 52. Kc3 Rxd1 53. Qh8 e4
54. Qh6 Rd3+ 55. Kc2 Rxe3 56. Qxc6 Re2+ 57. Kc3 e3 58. Qf6 Ra2 59. Qxh4+ Kg2
60. Qg5+ Kf2 61. Qh4+ Kg2 62. Qg5+ Kf2 1/2-1/2

[Event "BL 1617 Hamburger SK - SP Schwegenheim"]
[Site "?"]
[Date "2017.03.18"]
[Round "9.4"]
[White "Ftacnik, Lubomir"]
[Black "Starostits, Ilmars"]
[Result "1/2-1/2"]
[WhiteElo "2550"]
[BlackElo "2425"]
[PlyCount "58"]
[EventDate "2017.??.??"]

1. Nf3 g6 2. d4 Nf6 3. c4 Bg7 4. Nc3 d5 5. Bf4 O-O 6. Rc1 dxc4 7. e4 c5 8. dxc5
Qa5 9. e5 Nh5 10. Be3 Rd8 11. Qa4 Qxa4 12. Nxa4 Nc6 13. Bxc4 Nxe5 14. Nxe5 Bxe5
15. O-O Nf4 16. Rcd1 Bf5 17. Bxf4 Bxf4 18. Nc3 Bc2 19. Rxd8+ Rxd8 20. Nd5 Bg5
21. f4 Bh6 22. c6 bxc6 23. Nxe7+ Kf8 24. Nxc6 Rd2 25. Ne5 Be4 26. Rf2 Rd1+ 27.
Rf1 Rd2 28. Rf2 Rd1+ 29. Rf1 Rd2 1/2-1/2

[Event "BL 1617 Hamburger SK - SP Schwegenheim"]
[Site "?"]
[Date "2017.03.18"]
[Round "9.6"]
[White "Kollars, Dmitrij"]
[Black "Bratanov, Zsivko"]
[Result "1/2-1/2"]
[WhiteElo "2507"]
[BlackElo "2409"]
[PlyCount "76"]
[EventDate "2017.??.??"]

1. e4 e5 2. Nf3 Nc6 3. Bb5 a6 4. Ba4 Nf6 5. O-O Be7 6. d3 d6 7. c4 O-O 8. Nc3
Bg4 9. Bxc6 bxc6 10. h3 Bxf3 11. Qxf3 Nd7 12. Be3 Bg5 13. b3 a5 14. Rad1 Re8
15. g3 Re6 16. Kg2 h6 17. Qe2 Bxe3 18. Qxe3 Qg5 19. f4 exf4 20. Qxf4 Rf6 21.
Qxg5 hxg5 22. Rxf6 Nxf6 23. d4 Re8 24. Kf3 Nd7 25. Na4 Kf8 26. Rc1 Nf6 27. Re1
Nd7 28. Re2 Re6 29. d5 Ne5+ 30. Kg2 Re8 31. c5 cxd5 32. exd5 f6 33. cxd6 cxd6
34. Nb6 Rb8 35. Rxe5 Rxb6 36. Re6 a4 37. bxa4 Rb2+ 38. Kf3 Rxa2 1/2-1/2

[Event "BL 1617 Hamburger SK - SP Schwegenheim"]
[Site "?"]
[Date "2017.03.18"]
[Round "9.7"]
[White "Commercon, Simon"]
[Black "Carlstedt, Jonathan"]
[Result "1/2-1/2"]
[WhiteElo "2290"]
[BlackElo "2424"]
[PlyCount "111"]
[EventDate "2017.??.??"]

1. d4 Nf6 2. c4 e6 3. Nc3 Bb4 4. Qc2 O-O 5. Nf3 d5 6. e3 c5 7. a3 Bxc3+ 8. bxc3
Nc6 9. Be2 dxc4 10. Bxc4 Qc7 11. O-O e5 12. h3 cxd4 13. cxd4 exd4 14. exd4 Na5
15. Bd3 Qxc2 16. Bxc2 Be6 17. Bg5 Rac8 18. Bd3 Nb3 19. Rad1 Nd5 20. Bd2 h6 21.
Rfe1 Rfd8 22. Kh2 a6 23. Be4 b5 24. Kg3 Rc4 25. Bxd5 Bxd5 26. Ne5 Rc2 27. Bb4
a5 28. Be7 Re8 29. Ng4 Be6 30. Ne3 Rc3 31. Bd6 Rd8 32. Be5 Bd5 33. Kh2 a4 34.
Nf5 Rc2 35. Kg1 f6 36. Bd6 Bf7 37. Bb4 Rc4 38. d5 Rf4 39. Ne7+ Kh7 40. Re3 Rc4
41. d6 Nd4 42. Red3 Nc2 43. Ba5 Rd7 44. Kh2 b4 45. Bxb4 Nxb4 46. axb4 Rxb4 47.
Ra1 Rb3 48. Rd4 a3 49. Ra4 Rxd6 50. R4xa3 Rb2 51. Rf3 Rd7 52. Re1 h5 53. Kg1
Rdd2 54. Nf5 Re2 55. Rxe2 Rxe2 56. Re3 1/2-1/2

[Event "BL 1617 SK König Tegel - SG Trier"]
[Site "?"]
[Date "2017.03.18"]
[Round "9.4"]
[White "Muse, Mladen"]
[Black "Bobras, Piotr"]
[Result "1/2-1/2"]
[WhiteElo "2391"]
[BlackElo "2521"]
[PlyCount "40"]
[EventDate "2017.??.??"]

1. Nf3 Nf6 2. g3 d5 3. Bg2 c6 4. O-O Bg4 5. d4 Nbd7 6. Nbd2 e6 7. c3 h6 8. Re1
Bf5 9. Nh4 Bh7 10. e4 dxe4 11. Nxe4 Nxe4 12. Bxe4 Bxe4 13. Rxe4 Nf6 14. Re1 Be7
15. Qb3 b5 16. a4 b4 17. Nf3 bxc3 18. bxc3 Rb8 19. Qc4 Qd5 20. Ne5 Qxc4 1/2-1/2

[Event "BL 1617 SK König Tegel - SG Trier"]
[Site "?"]
[Date "2017.03.18"]
[Round "9.6"]
[White "Fruebing, Stefan"]
[Black "Gonda, Laszlo"]
[Result "1/2-1/2"]
[WhiteElo "2387"]
[BlackElo "2487"]
[PlyCount "54"]
[EventDate "2017.??.??"]

1. e4 e5 2. Nf3 Nc6 3. Bc4 Bc5 4. O-O Nf6 5. d3 O-O 6. Re1 Ng4 7. Rf1 Nf6 8. h3
h6 9. c3 d6 10. Re1 a6 11. Bb3 Re8 12. Nbd2 Be6 13. Nf1 d5 14. Qe2 dxe4 15.
dxe4 Bxb3 16. axb3 Bf8 17. b4 Qd6 18. Ne3 Qe6 19. Qc4 Qxc4 20. Nxc4 b5 21. Na5
Nxa5 22. Rxa5 c5 23. bxc5 Bxc5 24. Be3 Nxe4 25. Bxc5 Nxc5 26. Rxe5 Rxe5 27.
Nxe5 Re8 1/2-1/2

[Event "BL 1617 SK König Tegel - SG Trier"]
[Site "?"]
[Date "2017.03.18"]
[Round "9.7"]
[White "Galyas, Miklos"]
[Black "Muse, Drazen"]
[Result "1/2-1/2"]
[WhiteElo "2494"]
[BlackElo "2355"]
[PlyCount "66"]
[EventDate "2017.??.??"]

1. c4 Nc6 2. Nc3 e5 3. g3 d6 4. Bg2 Be6 5. d3 Qd7 6. e4 g6 7. Nge2 Bg7 8. Nd5
Nd8 9. O-O c6 10. Ne3 Ne7 11. d4 Bh3 12. dxe5 dxe5 13. c5 Bxg2 14. Qxd7+ Kxd7
15. Kxg2 Ne6 16. b4 a5 17. Nc4 axb4 18. Nb6+ Kc7 19. Nxa8+ Rxa8 20. Bd2 Ng8 21.
Bxb4 Nf6 22. f3 Nd7 23. Nc1 Ndxc5 24. Bxc5 Nxc5 25. Nb3 Ne6 26. Rf2 Ra3 27. Rd1
Bh6 28. Rd3 Ra4 29. Rb2 Bf8 30. Rbd2 Bb4 31. Rf2 Bd6 32. Rfd2 Bb4 33. Rf2 Bd6
1/2-1/2

[Event "BL 1617 SK König Tegel - SG Trier"]
[Site "?"]
[Date "2017.03.18"]
[Round "9.8"]
[White "Von Herman, Ulf"]
[Black "Cioara, Andrei-Nestor"]
[Result "1/2-1/2"]
[WhiteElo "2346"]
[BlackElo "2442"]
[PlyCount "43"]
[EventDate "2017.??.??"]

1. d4 Nf6 2. c4 e6 3. Nc3 Bb4 4. Qc2 O-O 5. Nf3 b6 6. Bg5 Bb7 7. e3 h6 8. Bh4
d6 9. Be2 Nbd7 10. g4 g5 11. Bg3 Ne4 12. h4 Kg7 13. O-O-O Bxc3 14. bxc3 Rh8 15.
Rh3 Qf6 16. Rdh1 c5 17. R1h2 Rac8 18. Nd2 Nxg3 19. Rxg3 d5 20. Rf3 Qe7 21. Rfh3
Nf6 22. hxg5 1/2-1/2

[Event "BL 1617 Schachfr. Berlin - DJK Aachen"]
[Site "?"]
[Date "2017.03.18"]
[Round "9.1"]
[White "Granda Zuniga, Julio Ernesto"]
[Black "Melkumyan, Hrant"]
[Result "1/2-1/2"]
[WhiteElo "2645"]
[BlackElo "2627"]
[PlyCount "67"]
[EventDate "2017.??.??"]

1. d4 d5 2. c3 Nf6 3. Bf4 e6 4. e3 c5 5. Nd2 Nc6 6. Ngf3 Be7 7. Bd3 Nh5 8. Be5
Nxe5 9. dxe5 g6 10. Qe2 Bd7 11. O-O O-O 12. g3 Qc7 13. e4 Rae8 14. Rfe1 c4 15.
Bc2 Bc5 16. Rad1 f6 17. exf6 Rxf6 18. e5 Rf7 19. Nd4 Bxd4 20. cxd4 Qb6 21. b3
Ref8 22. Rf1 cxb3 23. Nxb3 Bb5 24. Bd3 Ba4 25. Qb2 Ng7 26. Rd2 Bxb3 27. axb3
Nf5 28. Bxf5 Rxf5 29. Rc1 a5 30. Kg2 Qb4 31. Qc3 Qb5 32. Qb2 Qb4 33. Qc3 Qb5
34. Qb2 1/2-1/2

[Event "BL 1617 Schachfr. Berlin - DJK Aachen"]
[Site "?"]
[Date "2017.03.18"]
[Round "9.3"]
[White "van Foreest, Jorden"]
[Black "Jakubowski, Krzysztof"]
[Result "1/2-1/2"]
[WhiteElo "2584"]
[BlackElo "2534"]
[PlyCount "98"]
[EventDate "2017.??.??"]

1. d4 d5 2. Nf3 Nf6 3. Bf4 e6 4. e3 Bd6 5. Bg3 b6 6. Nbd2 Bb7 7. Bd3 O-O 8. c3
Ne4 9. Qc2 f5 10. c4 Nd7 11. O-O Nxg3 12. hxg3 c6 13. Rfc1 Qe7 14. a3 a5 15.
cxd5 cxd5 16. Nb1 g5 17. Nc3 Rac8 18. Qe2 g4 19. Ne1 h5 20. Ba6 Nf6 21. Qb5 Rb8
22. Bxb7 Rxb7 23. Nd3 h4 24. Nf4 Bxf4 25. gxf4 g3 26. f3 Ne8 27. Qd3 h3 28.
gxh3 Qh4 29. Kg2 Nd6 30. Ne2 Rh7 31. Ng1 a4 32. Rc6 Qd8 33. Rac1 Rh6 34. Qa6
Nc4 35. R1xc4 dxc4 36. Qxc4 b5 37. Qxb5 Qb8 38. Qe2 Qb3 39. Rc3 Qb7 40. Qc2 Rb8
41. Qxa4 Qxb2+ 42. Rc2 Qb1 43. Qc4 Rb2 44. Rxb2 Qxb2+ 45. Ne2 Qd2 46. Qc8+ Kf7
47. Qd7+ Kf8 48. Qd8+ Kf7 49. Qd7+ Kf8 1/2-1/2

[Event "BL 1617 Schachfr. Berlin - DJK Aachen"]
[Site "?"]
[Date "2017.03.18"]
[Round "9.4"]
[White "Schreiner, Peter"]
[Black "Donchenko, Alexander"]
[Result "1/2-1/2"]
[WhiteElo "2494"]
[BlackElo "2553"]
[PlyCount "65"]
[EventDate "2017.??.??"]

1. d4 Nf6 2. c4 e6 3. Nf3 c5 4. e3 cxd4 5. exd4 d5 6. Nc3 Bb4 7. cxd5 Nxd5 8.
Bd2 O-O 9. Bd3 b6 10. a3 Be7 11. Qc2 h6 12. Nxd5 exd5 13. O-O Ba6 14. Ne5 Bd6
15. Bb4 Bxd3 16. Qxd3 Bxb4 17. axb4 Qd6 18. b5 Nd7 19. Nc6 a6 20. Qg3 Qxg3 21.
fxg3 axb5 22. Ne7+ Kh7 23. Nxd5 Rxa1 24. Rxa1 Rc8 25. Ne3 Nf6 26. Kf2 Rd8 27.
Rd1 g6 28. Ke2 Ne4 29. g4 Kg7 30. d5 Nd6 31. Rc1 Nc4 32. Nxc4 bxc4 33. Rxc4
1/2-1/2

[Event "BL 1617 SG Solingen - SV Hockenheim"]
[Site "?"]
[Date "2017.03.18"]
[Round "9.1"]
[White "Tomashevsky, Evgeny"]
[Black "Rapport, Richard"]
[Result "1/2-1/2"]
[WhiteElo "2711"]
[BlackElo "2692"]
[PlyCount "40"]
[EventDate "2017.??.??"]

1. d4 Nf6 2. c4 e6 3. Nf3 b6 4. g3 Bb7 5. Bg2 Bb4+ 6. Bd2 a5 7. O-O O-O 8. Bf4
Be7 9. Qc2 d5 10. Ne5 Qc8 11. Bg5 dxc4 12. Bxb7 Qxb7 13. Qxc4 c5 14. Nc3 cxd4
15. Qxd4 Nc6 16. Nxc6 Qxc6 17. Rac1 Rfd8 18. Qf4 Nh5 19. Qh4 Bxg5 20. Qxg5 Nf6
1/2-1/2

[Event "BL 1617 SG Solingen - SV Hockenheim"]
[Site "?"]
[Date "2017.03.18"]
[Round "9.2"]
[White "Ragger, Markus"]
[Black "Vitiugov, Nikita"]
[Result "1/2-1/2"]
[WhiteElo "2703"]
[BlackElo "2724"]
[PlyCount "45"]
[EventDate "2017.??.??"]

1. d4 Nf6 2. c4 e6 3. Nf3 b6 4. g3 Bb7 5. Bg2 Be7 6. O-O O-O 7. d5 exd5 8. Nh4
c6 9. cxd5 Nxd5 10. Nf5 Nc7 11. Nc3 d5 12. e4 Bf6 13. exd5 Nxd5 14. Nxd5 cxd5
15. Bf4 Bxb2 16. Rb1 Bf6 17. Re1 Na6 18. Bd6 Re8 19. Qg4 g6 20. Nh6+ Kg7 21.
Nf5+ Kg8 22. Nh6+ Kg7 23. Nf5+ 1/2-1/2

[Event "BL 1617 SG Solingen - SV Hockenheim"]
[Site "?"]
[Date "2017.03.18"]
[Round "9.4"]
[White "Predojevic, Borki"]
[Black "Buhmann, Rainer"]
[Result "1/2-1/2"]
[WhiteElo "2611"]
[BlackElo "2625"]
[PlyCount "41"]
[EventDate "2017.??.??"]

1. e4 e6 2. d4 d5 3. Nc3 Nf6 4. e5 Nfd7 5. f4 c5 6. Nf3 Nc6 7. Be3 a6 8. Qd2 b5
9. Nd1 Qb6 10. c3 cxd4 11. cxd4 Bb4 12. Nc3 Na5 13. Bd3 Nc4 14. Bxc4 bxc4 15.
O-O f5 16. b3 Qc6 17. a3 Ba5 18. b4 Bd8 19. Bf2 Nf8 20. Bh4 Bb6 21. a4 1/2-1/2

[Event "BL 1617 SG Solingen - SV Hockenheim"]
[Site "?"]
[Date "2017.03.18"]
[Round "9.6"]
[White "L'Ami, Erwin"]
[Black "Balogh, Csaba"]
[Result "1/2-1/2"]
[WhiteElo "2608"]
[BlackElo "2630"]
[PlyCount "103"]
[EventDate "2017.??.??"]

1. d4 d5 2. c4 c6 3. Nf3 Nf6 4. Nc3 dxc4 5. a4 e6 6. e3 c5 7. Bxc4 cxd4 8. exd4
Nc6 9. O-O Be7 10. Be3 O-O 11. Qe2 Bd7 12. Ne5 Bd6 13. Nxd7 Qxd7 14. Rad1 Nb4
15. g3 Be7 16. Bg5 Rfd8 17. Bb3 h6 18. Bxf6 Bxf6 19. d5 exd5 20. Nxd5 Nxd5 21.
Rxd5 Qe7 22. Qxe7 Bxe7 23. Rc1 Rxd5 24. Bxd5 Rd8 25. Bxb7 g5 26. Rc7 Bd6 27.
Rc6 Kg7 28. b3 Be5 29. Rc5 Rd1+ 30. Kg2 Bd4 31. Rd5 Rd2 32. Kf1 Bc3 33. Rf5 Rb2
34. Bd5 f6 35. h4 Be5 36. Rf3 Bd4 37. Bc4 Kf8 38. h5 Ke7 39. Rf5 Be5 40. Rf3
Bd4 41. a5 Rb1+ 42. Kg2 Rb2 43. Rf5 Rc2 44. Kf3 Rxf2+ 45. Ke4 Rxf5 46. Kxf5 g4
47. Kg6 Be3 48. b4 Bg5 49. b5 Kd6 50. Be2 Kc7 51. Bxg4 Bd2 52. Bf3 1/2-1/2

[Event "BL 1617 SG Solingen - SV Hockenheim"]
[Site "?"]
[Date "2017.03.18"]
[Round "9.8"]
[White "Andersen, Mads"]
[Black "Banusz, Tamas"]
[Result "1/2-1/2"]
[WhiteElo "2558"]
[BlackElo "2615"]
[PlyCount "70"]
[EventDate "2017.??.??"]

1. d4 d5 2. c4 c6 3. Nf3 Nf6 4. Nc3 dxc4 5. a4 Bf5 6. e3 e6 7. Bxc4 Bb4 8. Ne5
Nbd7 9. Nxd7 Nxd7 10. O-O O-O 11. e4 Bg6 12. f3 e5 13. d5 Qa5 14. dxc6 bxc6 15.
Bd3 Nc5 16. Be2 Rfd8 17. Qc2 Ne6 18. Be3 Bc5 19. Qc1 Rab8 20. Rb1 Nd4 21. Bd1
f6 22. Ne2 Bf7 23. Nxd4 exd4 24. Bf2 Bb4 25. Qxc6 Rbc8 26. Qb5 Qxb5 27. axb5
Bc4 28. Ba4 Bxf1 29. Kxf1 Bc5 30. Bb3+ Kf8 31. Bc4 d3 32. b3 Bb6 33. Rd1 Ke7
34. Be1 d2 35. Rxd2 Rxd2 1/2-1/2

[Event "BL 1617 SV Mülheim Nord - SV Griesheim"]
[Site "?"]
[Date "2017.03.18"]
[Round "9.3"]
[White "Jarmula, Lukasz"]
[Black "Landa, Konstantin"]
[Result "1/2-1/2"]
[WhiteElo "2475"]
[BlackElo "2616"]
[PlyCount "113"]
[EventDate "2017.??.??"]

1. e4 e5 2. Nf3 Nc6 3. Bb5 g6 4. c3 Bg7 5. d4 exd4 6. cxd4 a6 7. Ba4 b5 8. Bc2
d5 9. exd5 Qe7+ 10. Be3 Nb4 11. O-O Nf6 12. Nc3 O-O 13. Bb3 Qd6 14. Qc1 Bb7 15.
Bf4 Qb6 16. Be5 Nbxd5 17. Rd1 Rac8 18. a4 Nxc3 19. Qxc3 bxa4 20. Rxa4 Nd5 21.
Bxd5 Bxd5 22. Bxg7 Kxg7 23. Rda1 Rb8 24. b4 Rfd8 25. Ne5 f6 26. Nd3 Qc6 27. Nc5
Bxg2 28. Rxa6 Rb6 29. Ne6+ Qxe6 30. Qxc7+ Rd7 31. Rxb6 Qg4 32. Qg3 Qxd4 33.
Kxg2 Qxb6 34. Qc3 Rc7 35. Qd2 Qc6+ 36. f3 g5 37. Rf1 h5 38. Qd4 Qb5 39. Rf2 h4
40. Rd2 Rb7 41. Qe4 Ra7 42. Qd4 Rc7 43. h3 Re7 44. Qc5 Qb7 45. Rc2 Rd7 46. Re2
Qb8 47. Qf2 Rd3 48. Re4 Qd6 49. Kf1 Rd1+ 50. Re1 Qd3+ 51. Kg1 Rd2 52. Qa7+ Kh6
53. Qe7 Qxf3 54. Qf8+ Kg6 55. Qg8+ Kh6 56. Qh8+ Kg6 57. Qg8+ 1/2-1/2

[Event "BL 1617 SV Mülheim Nord - SV Griesheim"]
[Site "?"]
[Date "2017.03.18"]
[Round "9.5"]
[White "Baskin, Robert"]
[Black "Zelbel, Patrick"]
[Result "1/2-1/2"]
[WhiteElo "2357"]
[BlackElo "2425"]
[PlyCount "40"]
[EventDate "2017.??.??"]

1. e4 e5 2. Nf3 Nc6 3. Bb5 f5 4. d3 fxe4 5. dxe4 Nf6 6. O-O Bc5 7. Bxc6 bxc6 8.
Nxe5 O-O 9. Nc3 d6 10. Na4 Qe8 11. Nd3 Bg4 12. Qe1 Bd4 13. c3 Bb6 14. Nxb6 axb6
15. f3 Be6 16. a3 Bc4 17. Qd1 Qf7 18. Re1 Nd7 19. Be3 c5 20. Nf4 Ne5 1/2-1/2

[Event "BL 1617 SV Mülheim Nord - SV Griesheim"]
[Site "?"]
[Date "2017.03.18"]
[Round "9.8"]
[White "Beerdsen, Thomas"]
[Black "Nothnagel, Marian Can"]
[Result "1-0"]
[WhiteElo "2422"]
[BlackElo "2107"]
[PlyCount "55"]
[EventDate "2017.??.??"]

1. e4 e5 2. Nf3 d6 3. d4 exd4 4. Nxd4 Nf6 5. Nc3 Be7 6. g3 Nc6 7. Bg2 O-O 8.
O-O Bg4 9. f3 Bd7 10. Be3 Ne5 11. Qe2 Qc8 12. g4 h6 13. Nf5 Bxf5 14. gxf5 Re8
15. Bh3 Bf8 16. Kh1 Kh7 17. Rg1 c6 18. Rg3 Qd8 19. f4 Ned7 20. Rag1 c5 21. Bg2
Ng8 22. Bf3 f6 23. Qg2 Re7 24. Nd5 Rc8 25. Rg6 Nb6 26. Nxf6+ Nxf6 27. Rxf6 gxf6
28. Qg8# 1-0

[Event "BL 1617 Schwäbisch Hall - Bayern Münc"]
[Site "?"]
[Date "2017.03.18"]
[Round "9.1"]
[White "Bischoff, Klaus"]
[Black "Gharamian, Tigran"]
[Result "1/2-1/2"]
[WhiteElo "2500"]
[BlackElo "2624"]
[PlyCount "54"]
[EventDate "2017.??.??"]

1. c4 Nf6 2. Nf3 e6 3. Nc3 d5 4. d4 Nbd7 5. cxd5 exd5 6. Bf4 c6 7. h3 Ne4 8.
Nxe4 dxe4 9. Nd2 Nf6 10. e3 Bb4 11. a3 Bxd2+ 12. Qxd2 Nd5 13. Be5 O-O 14. Be2
Re8 15. b4 a6 16. O-O Qg5 17. Bg3 Re6 18. Rfc1 Rg6 19. Kh2 h5 20. h4 Qe7 21.
Rc5 Bg4 22. Bc4 Rd8 23. Bxd5 Rxd5 24. Rxd5 cxd5 25. Rc1 Rc6 26. Rxc6 bxc6 27.
Qc3 Qd7 1/2-1/2